[Event "Araraquara op 2nd"]
[Site "Araraquara"]
[Date "2024.02.10"]
[Round "2"]
[White "Carvalho, Sofia Silva"]
[Black "De Souza, Arthur Neres"]
[Result "0-1"]
[WhiteElo "1800"]
[BlackElo "1445"]
[PlyCount "82"]
[EventDate "2024.02.10"]
[EventType "swiss"]
[EventRounds "7"]
[EventCountry "BRA"]
[SourceTitle "CB09_2024"]
[SourceDate "2024.02.28"]
[SourceVersion "1"]
[SourceVersionDate "2024.02.28"]
[SourceQuality "1"]

1. e4 c5 2. d4 cxd4 3. Nf3 Nc6 4. Nxd4 g6 5. g3 Bg7 6. Nxc6 bxc6 7. Nc3 d6 8. Bg2 Qc7 9. 0-0 Nf6 10. Qf3 Bg4 11. Qd3 Rb8 12. h3 Be6 13. Ne2 0-0 14. Nf4 Bd7 15. Re1 Rfd8 16. Ne2 c5 17. b3 Bb5 18. c4 Nd7 19. Nc3 Bc6 20. Rb1 Ne5 21. Qd2 Nxc4 22. Qe2 Bxc3 23. Rd1 Na5 24. Bh6 Bg7 25. Bxg7 Kxg7 26. Qb2+ Kg8 27. a3 Rxb3 28. Qa1 Rxb1 29. Qxb1 Rb8 30. Qa1 Qb6 31. f4 c4+ 32. Kh2 Qb2 33. Qxb2 Rxb2 34. Kg1 c3 35. Rc1 c2 36. Bf1 Nb3 37. Rxc2 Rxc2 38. Bd3 Rd2 39. Bc4 Nd4 40. e5 Bg2 41. exd6 Nf3# 0-1